[Event "BCF-chT 2122 (4NCL)"]
[Site "England"]
[Date "2022.06.25"]
[Round "10.55"]
[White "Martin, Andrew D"]
[Black "Adair, James R"]
[Result "1/2-1/2"]
[WhiteElo "2357"]
[BlackElo "2444"]
[PlyCount "53"]
[EventDate "2021.11.27"]
[EventType "team-swiss"]
[EventRounds "11"]
[EventCountry "ENG"]
[SourceTitle "EXT 2023"]
[Source "ChessBase"]
[SourceDate "2022.10.05"]
[SourceVersion "1"]
[SourceVersionDate "2022.10.05"]
[SourceQuality "1"]
[WhiteTeam "Guildford Young Guns"]
[BlackTeam "Chessable White Rose"]
[WhiteTeamCountry "ENG"]
[BlackTeamCountry "ENG"]

1. Nf3 d5 2. c4 d4 3. g3 Nc6 4. Bg2 e5 5. d3 Bb4+ 6. Nfd2 a5 7. Na3 Nf6 8. Nc2 Bd6 9. a3 0-0 10. Rb1 Qe7 11. 0-0 Bg4 12. Ne4 Nxe4 13. Bxe4 a4 14. b4 axb3 15. Rxb3 Nd8 16. f4 Ne6 17. f5 Nc5 18. Rxb7 Nxb7 19. Bxb7 Rab8 20. Bg2 Qd7 21. f6 g6 22. Nb4 Bh3 23. Qd2 Rfe8 24. Qh6 Bf8 25. Qxh3 Qxh3 26. Bxh3 Bxb4 27. axb4 1/2-1/2

[Event "BCF-chT 2122 (4NCL)"]
[Site "England"]
[Date "2022.05.02"]
[Round "9.16"]
[White "Adair, James R"]
[Black "Turner, Matthew"]
[Result "1/2-1/2"]
[WhiteElo "2444"]
[BlackElo "2476"]
[PlyCount "55"]
[EventDate "2021.11.27"]
[EventType "team-swiss"]
[EventRounds "11"]
[EventCountry "ENG"]
[SourceTitle "EXT 2023"]
[Source "ChessBase"]
[SourceDate "2022.10.05"]
[SourceVersion "1"]
[SourceVersionDate "2022.10.05"]
[SourceQuality "1"]
[WhiteTeam "Chessable White Rose"]
[BlackTeam "Chess.com Manx Liberty"]
[WhiteTeamCountry "ENG"]
[BlackTeamCountry "ENG"]

1. e4 e5 2. Nf3 Nc6 3. Bc4 Bc5 4. c3 Nf6 5. d3 0-0 6. 0-0 d6 7. Re1 h6 8. h3 Bb6 9. Nbd2 Ne7 10. a4 c6 11. d4 exd4 12. cxd4 d5 13. e5 Nh7 14. Bd3 Bf5 15. Nf1 Qc8 16. Ng3 Bxd3 17. Qxd3 Qe6 18. Bd2 Rfe8 19. Re2 Rad8 20. Rae1 g5 21. a5 Bc7 22. Nh2 Qg6 23. Qf3 c5 24. Qc3 Nc6 25. Qxc5 Nf8 26. Ng4 Ne6 27. Qa3 Nexd4 28. Nf6+ 1/2-1/2

[Event "English Online Blitz Gp1"]
[Site "Chess.com INT"]
[Date "2020.05.09"]
[Round "5"]
[White "Adair, James R"]
[Black "Ghasi, Ameet K"]
[Result "0-1"]
[WhiteElo "2450"]
[BlackElo "2485"]
[PlyCount "84"]
[EventDate "2020.05.09"]
[EventType "swiss (blitz)"]
[EventRounds "11"]
[EventCountry "ENG"]
[SourceTitle "CBM 196 Extra"]
[Source "ChessBase"]
[SourceDate "2020.07.31"]
[SourceVersion "1"]
[SourceVersionDate "2020.07.31"]
[SourceQuality "1"]

1. e4 c5 2. Nf3 e6 3. g3 a6 4. Bg2 b5 5. 0-0 Bb7 6. Qe2 Nf6 7. d3 d6 8. Nbd2 Nbd7 9. Ng5 Qc7 10. f4 Be7 11. Ndf3 h6 12. Nh3 c4 13. Nf2 Rc8 14. Bd2 Nc5 15. b3 e5 16. Nh4 cxd3 17. cxd3 g6 18. Rac1 Qd7 19. Bh3 Ne6 20. Rxc8+ Qxc8 21. Rc1 Qd7 22. Be3 exf4 23. gxf4 Nh5 24. Ng2 Bf6 25. f5 Nd4 26. Qd1 Qe7 27. Ng4 0-0 28. Nxf6+ Qxf6 29. Rc7 Ba8 30. Bxh6 Re8 31. Be3 Nc6 32. Bg4 Ng7 33. Nf4 Ne5 34. Bh3 Qd8 35. Rc2 Qh4 36. Rg2 g5 37. f6 gxf4 38. Rxg7+ Kf8 39. Qf1 Qxf6 40. Qg2 Ng6 41. Bd4 Qxd4+ 42. Kh1 Qxg7 0-1

[Event "GBR-ch blitz"]
[Site "Birmingham"]
[Date "2019.11.16"]
[Round "5"]
[White "Adair, James R"]
[Black "Willow, Jonah B"]
[Result "1-0"]
[WhiteElo "2484"]
[BlackElo "2187"]
[PlyCount "101"]
[EventDate "2019.11.16"]
[EventType "tourn (blitz)"]
[EventRounds "15"]
[EventCountry "ENG"]
[EventCategory "5"]
[SourceTitle "CBM 193 Extra"]
[Source "ChessBase"]
[SourceDate "2020.01.31"]
[SourceVersion "1"]
[SourceVersionDate "2020.01.31"]
[SourceQuality "1"]

1. c4 c5 2. Nf3 Nc6 3. Nc3 g6 4. e3 Nf6 5. d4 cxd4 6. exd4 d5 7. cxd5 Nxd5 8. Qb3 e6 9. Bb5 Bg7 10. 0-0 0-0 11. Bxc6 bxc6 12. Re1 Ba6 13. Ne4 Nb6 14. Nc5 Bc4 15. Qc2 Bd5 16. Ne5 Qh4 17. Be3 Bxe5 18. dxe5 Qg4 19. f4 f6 20. exf6 Rxf6 21. b3 Raf8 22. Qe2 Qh4 23. Rad1 Rf5 24. Bf2 Qxf4 25. Bg3 Qg5 26. Nxe6 Bxe6 27. Qxe6+ Kg7 28. Qxc6 R8f7 29. Qc3+ Kh6 30. h3 Nd5 31. Qc1 Qxc1 32. Rxc1 Nb4 33. Re2 Ra5 34. a4 Rd5 35. Rc4 Rd1+ 36. Kh2 Nd5 37. Rh4+ Kg7 38. Be5+ Kf8 39. Rc4 Rff1 40. Rc8+ Kf7 41. Ra8 Rh1+ 42. Kg3 Rd3+ 43. Kf2 Rxb3 44. Rxa7+ Kg8 45. Rg7+ Kf8 46. Rxh7 Rbb1 47. Rc2 Rhf1+ 48. Kg3 Rb3+ 49. Kh2 Nb6 50. Rcc7 Re3 51. Rh8# 1-0

[Event "GBR-ch blitz"]
[Site "Birmingham"]
[Date "2019.11.16"]
[Round "9"]
[White "Greet, Andrew"]
[Black "Adair, James R"]
[Result "0-1"]
[WhiteElo "2425"]
[BlackElo "2484"]
[PlyCount "102"]
[EventDate "2019.11.16"]
[EventType "tourn (blitz)"]
[EventRounds "15"]
[EventCountry "ENG"]
[EventCategory "5"]
[SourceTitle "CBM 193 Extra"]
[Source "ChessBase"]
[SourceDate "2020.01.31"]
[SourceVersion "1"]
[SourceVersionDate "2020.01.31"]
[SourceQuality "1"]

1. e4 e5 2. f4 exf4 3. Nf3 d5 4. exd5 Nf6 5. Bb5+ c6 6. dxc6 Nxc6 7. d4 Bd6 8. 0-0 0-0 9. c3 h6 10. Bd3 Re8 11. Nbd2 Bg4 12. Nc4 Bc7 13. a4 Nd5 14. Bd2 Qf6 15. Qc2 Re7 16. Be4 Rd8 17. Rae1 a5 18. Bh7+ Kh8 19. Rxe7 Ndxe7 20. Be4 Bf5 21. Nfe5 Nxe5 22. Nxe5 Bxe5 23. dxe5 Qb6+ 24. Kh1 Bxe4 25. Qxe4 Rxd2 26. Qxf4 Rxb2 27. Qxf7 Ng8 28. e6 Re2 29. h3 Rxe6 30. Rd1 Rf6 31. Qe8 Qc6 32. Qe3 Kh7 33. Qd3+ Kh8 34. Re1 Qd6 35. Qe3 Qf8 36. Kh2 Qb8+ 37. Kh1 Qf4 38. Qd3 Rf8 39. Qb5 Qf5 40. Qxb7 Nf6 41. Qc7 Nh5 42. c4 Qf2 43. Rb1 Ng3+ 44. Kh2 Ne2 45. Rb8 Rxb8 46. Qxb8+ Kh7 47. Qb1+ Kg8 48. Qb8+ Qf8 49. Qb5 Qf4+ 50. Kh1 Qf1+ 51. Kh2 Qg1# 0-1

[Event "GBR-ch blitz"]
[Site "Birmingham"]
[Date "2019.11.16"]
[Round "15"]
[White "Tan, Justin Hy"]
[Black "Adair, James R"]
[Result "1/2-1/2"]
[WhiteElo "2469"]
[BlackElo "2484"]
[PlyCount "53"]
[EventDate "2019.11.16"]
[EventType "tourn (blitz)"]
[EventRounds "15"]
[EventCountry "ENG"]
[EventCategory "5"]
[SourceTitle "CBM 193 Extra"]
[Source "ChessBase"]
[SourceDate "2020.01.31"]
[SourceVersion "1"]
[SourceVersionDate "2020.01.31"]
[SourceQuality "1"]

1. e4 e5 2. Nf3 Nc6 3. Bb5 Nf6 4. 0-0 Nxe4 5. Re1 Nd6 6. Nxe5 Be7 7. Bf1 Nxe5 8. Rxe5 0-0 9. d4 Ne8 10. Nc3 Bf6 11. Re1 d5 12. Ne2 Bf5 13. Ng3 Bg6 14. c3 c6 15. Nh5 Be7 16. Nf4 Bf5 17. Qf3 Nd6 18. Bd3 g6 19. h3 Re8 20. Bxf5 Nxf5 21. Nd3 Bd6 22. Bf4 Qc7 23. Bxd6 Qxd6 24. Ne5 f6 25. Nd3 Kf7 26. a4 a5 27. Qf4 1/2-1/2

[Event "GBR-ch blitz"]
[Site "Birmingham"]
[Date "2019.11.16"]
[Round "11"]
[White "Turner, Matthew"]
[Black "Adair, James R"]
[Result "1-0"]
[WhiteElo "2534"]
[BlackElo "2484"]
[PlyCount "43"]
[EventDate "2019.11.16"]
[EventType "tourn (blitz)"]
[EventRounds "15"]
[EventCountry "ENG"]
[EventCategory "5"]
[SourceTitle "CBM 193 Extra"]
[Source "ChessBase"]
[SourceDate "2020.01.31"]
[SourceVersion "1"]
[SourceVersionDate "2020.01.31"]
[SourceQuality "1"]

1. d4 Nf6 2. Nf3 e6 3. Bf4 d5 4. Nbd2 Bd6 5. e3 0-0 6. Bd3 Bxf4 7. exf4 b6 8. Ne5 c5 9. dxc5 bxc5 10. c4 Bb7 11. 0-0 Nbd7 12. Qb3 Qc7 13. Ndf3 Rab8 14. Qc2 dxc4 15. Qxc4 Bxf3 16. Nxf3 Rxb2 17. Rac1 Rb6 18. Rfe1 Rfb8 19. f5 exf5 20. Re7 Rf8 21. Ng5 Qf4 22. Qxf4 1-0

[Event "Newcastle Northumbria Masters"]
[Site "Newcastle on Tyne"]
[Date "2019.08.25"]
[Round "5"]
[White "Welling, Gerard J"]
[Black "Adair, James R"]
[Result "1/2-1/2"]
[WhiteElo "2310"]
[BlackElo "2474"]
[PlyCount "108"]
[EventDate "2019.08.23"]
[EventType "swiss"]
[EventRounds "9"]
[EventCountry "ENG"]
[SourceTitle "EXT 2020"]
[Source "ChessBase"]
[SourceDate "2019.10.17"]
[SourceVersion "1"]
[SourceVersionDate "2019.10.17"]
[SourceQuality "1"]

1. d4 Nf6 2. Nf3 e6 3. Nbd2 d5 4. e3 b6 5. Bd3 Bb7 6. 0-0 Bd6 7. b3 0-0 8. Bb2 Nbd7 9. Ne5 Ne4 10. f4 Nxd2 11. Qxd2 Nf6 12. c4 dxc4 13. bxc4 Ne4 14. Qc2 f5 15. Nf3 c5 16. Rad1 cxd4 17. Bxd4 Qe7 18. Bxe4 Bxe4 19. Qb2 Rfd8 20. Ne5 Rac8 21. Qb3 Qb7 22. Rf2 Rc7 23. c5 Bxe5 24. Bxe5 Rxd1+ 25. Qxd1 Rd7 26. Rd2 Rxd2 27. Qxd2 bxc5 28. Qd8+ Kf7 29. h4 Qe7 30. Qxe7+ Kxe7 31. Bxg7 Kd6 32. Kf2 Kd5 33. Ke2 Kc4 34. Kd2 Bxg2 35. Bf8 Be4 36. a3 Bf3 37. Be7 a6 38. Bf8 h5 39. Be7 a5 40. Bf8 a4 41. Be7 Be4 42. Bf8 Bb1 43. Be7 Ba2 44. Bf8 Kd5 45. Kc3 c4 46. Be7 Ke4 47. Bc5 Bb3 48. Bb6 Kf3 49. Bc5 Kg3 50. Be7 Kg4 51. Bd8 Kf3 52. Bb6 Kf2 53. Bc5 Ke2 54. Bb6 Kf3 1/2-1/2